00593nam a2200181 a 4500008004100000020002200041100002000063245009200083260004500175300003900220500002000259650004200279650004100321650002200362003000100384005001700385040000900402  a0750665440 (pbk.)1 aSmith, Peter F.10aArchitecture in a climate of change :ba guide to sustainable design /cPeter F. Smith. aAmsterdam :bArchitectural Press,c2001. axv, 278 p. :bill., maps ;c25 cm. aIncludes index. 0aArchitecture and energy conservation. 0aArchitecturexEnvironmental aspects. 0aClimatic changes.20230123134426.0 cNUST